Tom Hanks Collaborations - Statistics

General Stats
  • This quiz has been taken 25 times
  • The average score is 6 of 11
Answer Stats
Collaborator Tom Hanks Movie % Correct
Pixar Toy Story | Toy Story 2 | Cars | Toy Story 3 | Toy Story 4
95%
Meg Ryan Joe Versus the Volcano | Sleepless in Seattle | You've Got Mail
84%
Robert Zemeckis Forrest Gump | Cast Away | The Polar Express | The Walk | Pinocchio | Here
68%
Steven Spielberg Saving Private Ryan | Catch Me If You Can | The Terminal | Bridge of Spies | The Post
68%
Ron Howard Splash | Apollo 13 | The Da Vinci Code | Angels and Demons | Inferno
58%
Penny Marshall Big | A League of Their Own
53%
Paul Greengrass Captain Phillips | News of the World
37%
Himself (Director) That Thing You Do! | Larry Crowne
37%
Rosie O'Donnell Sleepless in Seattle | A League of Their Own
32%
Julia Roberts Charlie Wilson's War | Larry Crowne
26%
Tom Tykwer Cloud Atlas | Hologram For the King
16%
No matching quizzes found
Score Distribution
Percent of People with Each Score
Percentile by Number Answered
Your Score History
You have not taken this quiz